| 000 | 00750nam a22001577a 4500 | ||
|---|---|---|---|
| 003 | OSt | ||
| 005 | 20150921165915.0 | ||
| 008 | 150921b xxu||||| |||| 00| 0 eng d | ||
| 040 | _cRUA | ||
| 082 | _aAGR VAT 2006 B034 Or.1 | ||
| 100 |
_91048 _aVATH, VON. |
||
| 245 |
_aEffect of different mulches on chilli pepper yield at crop station in royal university of agriculture ឥទ្ធិពលនៃគំរបដីផ្សេងៗគ្នាទៅលើទិន្នផលដំណាំម្ទេសដៃនាង នៅស្ថានីយ៏ដំណាំនៃសាកលវិទ្យាល័យភូមិន្ទកសិកម្ម _cំ |
||
| 260 |
_aPhnom Penh _bRUA _c2006 |
||
| 300 |
_a46p. _bill. _c29cm. |
||
| 942 |
_2ddc _cAGR |
||
| 999 |
_c1007 _d1007 |
||